00596nam a2200169Ia 4500008004100000020001800041050001800059100001900077245006500096260001900161300002000180440002600200650004400226700004400270952009500314999001700409120720s9999 xx 000 0 und d a968-16-0930-1 aD16.8 K2 1966 aKAHELER, ERICH a¿Qué es la historia? / Erich Kahler; trad. de Juan Almela aMéxico : FCE a215 p. / 17 cm. aColec. Brevarios; 187 aHISTORIA - FILOSOFIA 2. HISTORIOGRAFIA aAlmela, Juan, tr. II. Ser. III. t.Ì 00104070a03b03d2008-10-08l0oD16.8 K2 1966p03 006045r2012-07-20t1w2012-07-20yLB c78562d78562